Music Quiz

Random Music or Song Quiz

Trading Places: Music Quiz Stats

 Plays Quiz Updated Jul 22, 2014

Support Sporcle.
Go Orange.
Score 0/18 Timer 04:00
0 Plays Today
% Correct
It's a Long Way to Alabama
95.1%
In the Aeroplane over the Rainbow
94%
Bat Out of Paradise
94%
Rock the U.S.S.R.
92.9%
B.O.B. (Bombs Over Bethlehem)
92.5%
Party in the Jungle
91%
Drops Of Ipanema
90.6%
I've Got Friends in Texas
88.5%
Georgia Grove
88%
% Correct
Do You Know the Way to Istanbul?
87.6%
Clarksville Prison Blues
87%
One Night in Your Arms
85.7%
Chattanooga in My Mind
85.4%
San Francisco Freedom
84.1%
No Sleep Til Stockholm
83.4%
London Rocks
81.6%
Pasadena PTA
73.5%
The Only Living Boy in Cape Cod
63.6%

You're not logged in!

Compare scores with friends on all Sporcle quizzes.
OR
Log In

From the Vault

Peyton Manning TD Receivers

by cdhmiamifan13

It sounds like Peyton Manning just lost the Andrew Luck sweepstakes.
Remove Ads.
Support Sporcle.
Get the best of Sporcle when you Go Orange. This ad-free experience offers more features, more stats, and more fun while also helping to support Sporcle. Thank you for becoming a member.

Show Comments

Extras

Top Quizzes Today


Score Distribution

Your Account Isn't Verified!

In order to create a playlist on Sporcle, you need to verify the email address you used during registration. Go to your Sporcle Settings to finish the process.

Report this User

Report this user for behavior that violates our Community Guidelines.

Details: